000 00327nam a2200133Ia 4500
005 20251222142020.0
008 251222s9999||||xx |||||||||||||| ||spa||
020 _a84-281-0820-X
082 _a375/P46
100 _aPérez Pérez, Ramón
245 0 _aEl CurrÍículum y sus Componentes:
264 _bOikos-Tau
942 _cLIB
999 _c10628
_d10628